[Event "MEX-ch op"]
[Site "Irapuato"]
[Date "2000.??.??"]
[Round "?"]
[White "Blanco Fernandez, Alvaro"]
[Black "Campos Lopez, Mario"]
[Result "1-0"]
[WhiteElo "2353"]
[BlackElo "2345"]
[PlyCount "71"]
[EventDate "2000.04.16"]
[EventType "swiss"]
[EventRounds "9"]
[EventCountry "MEX"]
[SourceTitle "EXT 2001"]
[Source "ChessBase"]
[SourceDate "2000.11.22"]
[SourceVersion "1"]
[SourceVersionDate "2000.11.22"]
[SourceQuality "1"]

1. d4 Nf6 2. c4 e6 3. Nf3 b6 4. a3 Bb7 5. Nc3 d5 6. Bg5 Be7 7. Qa4+ c6 8. Bxf6 Bxf6 9. cxd5 exd5 10. g3 0-0 11. Bg2 Nd7 12. 0-0 c5 13. Rfd1 a6 14. e3 Rc8 15. Rd2 b5 16. Qd1 c4 17. Ne5 Bxe5 18. dxe5 Nxe5 19. Nxd5 Nd3 20. Nb4 Bxg2 21. Kxg2 Qf6 22. Nxd3 cxd3 23. Rb1 Rfd8 24. Rxd3 Qc6+ 25. Kg1 Rxd3 26. Qxd3 Qc2 27. Rd1 g6 28. Rd2 Qc1+ 29. Kg2 Qc6+ 30. e4 Re8 31. Qd5 Qc1 32. Re2 Rc8 33. e5 Rc2 34. Qd8+ Kg7 35. Qf6+ Kg8 36. e6 1-0

[Event "Zaragoza op-B"]
[Site "Zaragoza"]
[Date "1995.??.??"]
[Round "2"]
[White "Campos Lopez, Mario"]
[Black "Capit, Francois"]
[Result "1-0"]
[WhiteElo "2325"]
[BlackElo "2210"]
[PlyCount "81"]
[EventDate "1995.06.??"]
[EventType "swiss"]
[EventRounds "9"]
[EventCountry "ESP"]
[SourceTitle "EXT 1997"]
[Source "ChessBase"]
[SourceDate "1996.11.15"]
[SourceVersion "1"]
[SourceVersionDate "1996.11.15"]
[SourceQuality "1"]

1. e4 e6 2. d4 d5 3. exd5 exd5 4. Nf3 Bd6 5. c4 c6 6. Nc3 Ne7 7. Qb3 0-0 8. Bg5 h6 9. Bh4 dxc4 10. Bxc4 Nd7 11. 0-0 Nb6 12. Bd3 Be6 13. Qc2 Nbd5 14. a3 Nf4 15. Bh7+ Kh8 16. Be4 Qc7 17. Rfe1 Neg6 18. Bg3 Rfe8 19. Rac1 Qd7 20. Rcd1 Qc7 21. Bxg6 Nxg6 22. Ne5 Bxe5 23. dxe5 Rad8 24. Rd6 Ne7 25. h4 Nd5 26. Ne4 Bf5 27. Qd2 Qe7 28. Rxd8 Rxd8 29. Nd6 Be6 30. f4 Qd7 31. Qf2 Ne7 32. Qxa7 b5 33. Qxd7 Rxd7 34. Bf2 Nf5 35. Bc5 Nxd6 36. exd6 Kg8 37. Kf2 Kf8 38. Bb6 Rb7 39. Bc7 Ra7 40. Rxe6 fxe6 41. d7 1-0

[Event "Zaragoza op-B"]
[Site "Zaragoza"]
[Date "1995.??.??"]
[Round "7"]
[White "Jurkovic, Ante"]
[Black "Campos Lopez, Mario"]
[Result "1-0"]
[WhiteElo "2335"]
[BlackElo "2325"]
[PlyCount "58"]
[EventDate "1995.06.??"]
[EventType "swiss"]
[EventRounds "9"]
[EventCountry "ESP"]
[SourceTitle "EXT 1997"]
[Source "ChessBase"]
[SourceDate "1996.11.15"]
[SourceVersion "1"]
[SourceVersionDate "1996.11.15"]
[SourceQuality "1"]

1. e4 c6 2. d4 d5 3. Nd2 dxe4 4. Nxe4 Nd7 5. Ng5 Ngf6 6. Bd3 e6 7. N1f3 h6 8. Ne4 Nxe4 9. Bxe4 Qc7 10. Qe2 Bd6 11. Bd2 Nf6 12. Bd3 b6 13. 0-0-0 Bb7 14. Ne5 0-0-0 15. f4 Kb8 16. Kb1 c5 17. dxc5 Bxc5 18. Rhf1 Ka8 19. g4 g6 20. h3 Rhe8 21. Ka1 Qe7 22. Bb5 Ne4 23. Bxe8 Qxe8 24. Bc1 Rc8 25. Rf3 f6 26. Nd7 Be7 27. Re3 f5 28. Ne5 Bf6 29. Red3 Bxe5 1-0

[Event "Zaragoza op-B"]
[Site "Zaragoza"]
[Date "1995.??.??"]
[Round "1"]
[White "Sarto Ramos, Angel"]
[Black "Campos Lopez, Mario"]
[Result "0-1"]
[WhiteElo "2170"]
[BlackElo "2325"]
[PlyCount "70"]
[EventDate "1995.06.??"]
[EventType "swiss"]
[EventRounds "9"]
[EventCountry "ESP"]
[SourceTitle "EXT 1997"]
[Source "ChessBase"]
[SourceDate "1996.11.15"]
[SourceVersion "1"]
[SourceVersionDate "1996.11.15"]
[SourceQuality "1"]

1. g3 e5 2. Bg2 d5 3. d3 Nf6 4. Nf3 Bd6 5. c4 c6 6. cxd5 cxd5 7. 0-0 Nc6 8. a3 0-0 9. Nc3 h6 10. Bd2 Bg4 11. h3 Be6 12. e4 dxe4 13. dxe4 Qd7 14. Kh2 Bc4 15. Re1 Qe6 16. Bf1 Bb3 17. Qe2 Bc5 18. Nd1 a6 19. Be3 Nxe4 20. Bxc5 Nxc5 21. Rc1 Nd7 22. Ne3 e4 23. Nh4 Nde5 24. Nef5 Nd3 25. Qg4 Qf6 26. Bxd3 exd3 27. Nf3 Rad8 28. Nd2 Be6 29. Rc5 Bxf5 30. Rxf5 Qxb2 31. Ne4 Kh8 32. Qh5 d2 33. Rd1 Qc2 34. Nf6 Nd4 35. Rc5 Nf3+ 0-1

[Event "San Fernando op"]
[Site "San Fernando"]
[Date "1991.??.??"]
[Round "?"]
[White "Campos Lopez, Mario"]
[Black "Reyes Larena, Juan"]
[Result "1/2-1/2"]
[WhiteElo "2335"]
[BlackElo "2415"]
[PlyCount "56"]
[EventDate "1991.06.??"]
[EventType "swiss"]
[EventRounds "9"]
[EventCountry "ARG"]
[SourceTitle "EXT 1997"]
[Source "ChessBase"]
[SourceDate "1996.11.15"]
[SourceVersion "1"]
[SourceVersionDate "1996.11.15"]
[SourceQuality "1"]

1. g3 Nf6 2. Bg2 g6 3. d4 d5 4. Nf3 Bg7 5. 0-0 0-0 6. Nbd2 c6 7. c3 Nbd7 8. Re1 c5 9. a3 cxd4 10. cxd4 a5 11. a4 Qb6 12. b3 Re8 13. e3 e6 14. Ba3 Nb8 15. Ne5 Nfd7 16. Nd3 Nc6 17. Rc1 Nf6 18. Bc5 Qd8 19. Rc2 h5 20. h4 Ng4 21. Nf3 Bd7 22. Qa1 Qb8 23. Bf1 Rc8 24. Qa3 b6 25. Bd6 Qb7 26. Rec1 Bh6 27. Nf4 Nf6 28. Bb5 Ne8 1/2-1/2

[Event "San Fernando op"]
[Site "San Fernando"]
[Date "1991.??.??"]
[Round "?"]
[White "Piza Cortizo, Daniel Ricardo"]
[Black "Campos Lopez, Mario"]
[Result "0-1"]
[WhiteElo "2325"]
[BlackElo "2335"]
[PlyCount "70"]
[EventDate "1991.06.??"]
[EventType "swiss"]
[EventRounds "9"]
[EventCountry "ARG"]
[SourceTitle "EXT 1997"]
[Source "ChessBase"]
[SourceDate "1996.11.15"]
[SourceVersion "1"]
[SourceVersionDate "1996.11.15"]
[SourceQuality "1"]

1. d4 Nf6 2. c4 g6 3. Nc3 Bg7 4. e4 d6 5. Nf3 0-0 6. Be2 e5 7. 0-0 Nc6 8. d5 Ne7 9. Bg5 Nd7 10. Nd2 f5 11. exf5 gxf5 12. f4 Nf6 13. fxe5 dxe5 14. c5 h6 15. Bxf6 Rxf6 16. Bc4 Kh8 17. Nf3 Rg6 18. Qe2 e4 19. Nh4 Rg5 20. Rad1 Ng6 21. Nxg6+ Rxg6 22. Qh5 Kh7 23. Kh1 Qe7 24. d6 cxd6 25. cxd6 Rxd6 26. Rxd6 Qxd6 27. Rd1 Qe7 28. Nd5 Qe5 29. Ne3 f4 30. Qf7 Bh3 31. gxh3 fxe3 32. Qxb7 Rf8 33. Qd5 Qxd5 34. Bxd5 e2 35. Bxe4+ Kh8 0-1

[Event "Ibercaja op"]
[Site "Zaragoza"]
[Date "1991.??.??"]
[Round "5"]
[White "Vazquez Igarza, Renier"]
[Black "Campos Lopez, Mario"]
[Result "1-0"]
[WhiteElo "2380"]
[BlackElo "2335"]
[PlyCount "59"]
[EventDate "1991.??.??"]
[EventType "swiss"]
[EventRounds "9"]
[EventCountry "ESP"]
[SourceTitle "EXT 2004"]
[Source "ChessBase"]
[SourceDate "2003.11.25"]
[SourceVersion "1"]
[SourceVersionDate "2003.11.25"]
[SourceQuality "1"]

1. e4 c6 2. Nc3 d5 3. Nf3 dxe4 4. Nxe4 Nf6 5. Nxf6+ exf6 6. Bc4 Bd6 7. 0-0 0-0 8. d4 Bg4 9. Qd3 Re8 10. Bd2 Nd7 11. Rfe1 Qc7 12. h3 Be6 13. Bxe6 Rxe6 14. Rxe6 fxe6 15. Re1 Nf8 16. c4 Rd8 17. Bc3 Qd7 18. Qe4 Bc7 19. a4 a5 20. b3 Qd6 21. g3 b5 22. axb5 cxb5 23. Ra1 a4 24. cxb5 axb3 25. Rb1 Rb8 26. Rxb3 Qd7 27. Qe2 Qd5 28. Nd2 Nd7 29. Qc4 Nb6 30. Qxc7 1-0

[Event "Leon"]
[Site "Leon"]
[Date "1988.??.??"]
[Round "?"]
[White "Campos Lopez, Mario"]
[Black "Eslon, Jaan"]
[Result "1-0"]
[WhiteElo "2330"]
[BlackElo "2395"]
[PlyCount "59"]
[EventDate "1988.??.??"]
[EventType "tourn"]
[EventRounds "9"]
[EventCountry "ESP"]
[EventCategory "6"]
[SourceTitle "EXT 2002"]
[Source "ChessBase"]
[SourceDate "2001.11.25"]
[SourceVersion "1"]
[SourceVersionDate "2001.11.25"]
[SourceQuality "1"]

1. d4 Nf6 2. c4 e6 3. Nc3 Bb4 4. Nf3 Ne4 5. Qc2 f5 6. Nd2 Bxc3 7. bxc3 Nxd2 8. Bxd2 d6 9. e4 0-0 10. Bd3 Nc6 11. exf5 exf5 12. 0-0 Bd7 13. Rae1 Qf6 14. Bf4 Kh8 15. c5 dxc5 16. d5 Ne7 17. c4 Ng6 18. Bxc7 f4 19. Bxg6 hxg6 20. Be5 Qf7 21. f3 b6 22. Rf2 g5 23. g4 fxg3 24. hxg3 Bf5 25. Qd2 Qg6 26. g4 Bd3 27. Rh2+ Kg8 28. Rh4 Rf4 29. Bxf4 gxf4 30. Re6 1-0

[Event "Leon"]
[Site "Leon"]
[Date "1988.??.??"]
[Round "?"]
[White "Campos Lopez, Mario"]
[Black "Sion Castro, Marcelino"]
[Result "1-0"]
[WhiteElo "2330"]
[BlackElo "2330"]
[PlyCount "55"]
[EventDate "1988.??.??"]
[EventType "tourn"]
[EventRounds "9"]
[EventCountry "ESP"]
[EventCategory "6"]
[SourceTitle "EXT 2002"]
[Source "ChessBase"]
[SourceDate "2001.11.25"]
[SourceVersion "1"]
[SourceVersionDate "2001.11.25"]
[SourceQuality "1"]

1. d4 Nf6 2. c4 g6 3. Nc3 d5 4. cxd5 Nxd5 5. e4 Nxc3 6. bxc3 Bg7 7. Bc4 c5 8. Ne2 0-0 9. 0-0 Nc6 10. Be3 Qc7 11. Rc1 Rd8 12. Bf4 Qd7 13. d5 Na5 14. Bd3 b6 15. Qd2 c4 16. Bc2 e6 17. Rcd1 exd5 18. exd5 Bb7 19. Be4 Rac8 20. Rfe1 Ba8 21. Bh6 Bh8 22. Ng3 Qd6 23. Nf5 gxf5 24. Bxf5 Bf6 25. Qe3 Rb8 26. Bf4 Qf8 27. Qh3 Qg7 28. Bh6 1-0

[Event "Barcelona"]
[Site "Barcelona"]
[Date "1988.??.??"]
[Round "?"]
[White "Gil Gonzalez, Jose Manuel"]
[Black "Campos Lopez, Mario"]
[Result "0-1"]
[WhiteElo "2300"]
[BlackElo "2330"]
[PlyCount "119"]
[EventDate "1988.??.??"]
[EventType "tourn"]
[EventRounds "11"]
[EventCountry "ESP"]
[EventCategory "3"]
[SourceTitle "EXT 1997"]
[Source "ChessBase"]
[SourceDate "1996.11.15"]
[SourceVersion "1"]
[SourceVersionDate "1996.11.15"]
[SourceQuality "1"]

1. e4 e5 2. Nf3 Nc6 3. d4 exd4 4. Bc4 Bc5 5. c3 Nf6 6. cxd4 Bb4+ 7. Bd2 Bxd2+ 8. Nbxd2 d5 9. exd5 Nxd5 10. Qb3 Nce7 11. 0-0 0-0 12. Ne5 c6 13. Ne4 Qb6 14. Rad1 Qxb3 15. Bxb3 Rd8 16. Rfe1 f6 17. Nf3 Kf8 18. Nc5 Nc7 19. h3 b6 20. Ne4 Bb7 21. Rc1 Rd7 22. Nc3 Rad8 23. Bc2 g6 24. a3 Ned5 25. Nxd5 Rxd5 26. Re2 Nb5 27. Re6 R5d6 28. Rce1 Rxe6 29. Rxe6 Nxd4 30. Nxd4 Rxd4 31. Rxf6+ Ke7 32. Rf3 Rd2 33. Rc3 c5 34. b4 Kd6 35. bxc5+ bxc5 36. h4 Bd5 37. Kf1 Rd4 38. g3 Be4 39. Ke2 Bxc2 40. Rxc2 Kd5 41. Rb2 Kc6 42. Rb3 c4 43. Re3 Rd7 44. Re5 Kb6 45. g4 a6 46. f3 Kc6 47. h5 gxh5 48. gxh5 Rd5 49. Rxd5 Kxd5 50. Ke3 Ke5 51. a4 Kf5 52. Kd4 Kg5 53. Kxc4 Kxh5 54. a5 Kg5 55. Kc5 h5 56. Kb6 h4 57. Kxa6 h3 58. Kb7 h2 59. a6 h1Q 60. a7 0-1

[Event "Barcelona Vulca"]
[Site "Barcelona"]
[Date "1988.??.??"]
[Round "9"]
[White "Gual Pascual, Antonio"]
[Black "Campos Lopez, Mario"]
[Result "1/2-1/2"]
[WhiteElo "2385"]
[BlackElo "2330"]
[PlyCount "100"]
[EventDate "1988.??.??"]
[EventType "tourn"]
[EventRounds "9"]
[EventCountry "ESP"]
[EventCategory "6"]
[SourceTitle "EXT 1997"]
[Source "ChessBase"]
[SourceDate "1996.11.15"]
[SourceVersion "1"]
[SourceVersionDate "1996.11.15"]
[SourceQuality "1"]

1. d4 Nf6 2. c4 e6 3. Nf3 b6 4. g3 Ba6 5. b3 Bb4+ 6. Bd2 Be7 7. Nc3 d5 8. cxd5 Nxd5 9. Bg2 Nd7 10. Nxd5 exd5 11. 0-0 0-0 12. Rc1 Re8 13. Rc2 Bd6 14. Bf4 Bxf4 15. gxf4 c5 16. dxc5 Nxc5 17. Ne5 Ne4 18. Qd4 Bb7 19. e3 Rc8 20. Rfc1 Rxc2 21. Rxc2 Nf6 22. Qc3 Qe7 23. Qc7 Kf8 24. a4 Qxc7 25. Rxc7 Re7 26. Rc2 Ne4 27. Nf3 Nc5 28. Nd4 a5 29. Rc1 g6 30. Bf1 Rd7 31. Bb5 Rd6 32. Rb1 Ne6 33. Rd1 Ke7 34. Kf1 Nxd4 35. Rxd4 Rd8 36. Ke2 Rc8 37. Kd2 Rc7 38. h4 Kd6 39. Bd3 f5 40. h5 Ke6 41. hxg6 hxg6 42. b4 Rh7 43. Bb5 Kd6 44. bxa5 bxa5 45. Rd3 Re7 46. Rb3 Kc5 47. Be8 Rxe8 48. Rxb7 d4 49. Rb5+ Kc4 50. exd4 Re4 1/2-1/2

[Event "Olympiad-25"]
[Site "Luzern"]
[Date "1982.11.01"]
[Round "3"]
[White "Karkanaque, Ilir"]
[Black "Campos Lopez, Mario"]
[Result "1-0"]
[WhiteElo "2250"]
[BlackElo "2360"]
[PlyCount "105"]
[EventDate "1982.10.30"]
[EventType "team-swiss"]
[EventRounds "14"]
[EventCountry "SUI"]
[SourceTitle "EXT 1997"]
[Source "ChessBase"]
[SourceDate "1996.11.15"]
[SourceVersion "1"]
[SourceVersionDate "1996.11.15"]
[SourceQuality "1"]
[WhiteTeam "Albania"]
[BlackTeam "Mexico"]
[WhiteTeamCountry "ALB"]
[BlackTeamCountry "MEX"]

1. Nf3 c5 2. c4 g6 3. e4 Nc6 4. d4 cxd4 5. Nxd4 Bg7 6. Be3 Nf6 7. Nc3 Ng4 8. Qxg4 Nxd4 9. Qd1 Ne6 10. Rc1 d6 11. Bd3 0-0 12. 0-0 Nc5 13. b4 Nxd3 14. Qxd3 Be6 15. Nd5 Qd7 16. Rfd1 Bxd5 17. Qxd5 Qc6 18. c5 Qxd5 19. Rxd5 dxc5 20. Rcxc5 e6 21. Rd7 Rfd8 22. Rcc7 Rxd7 23. Rxd7 b6 24. Kf1 Bf8 25. b5 h5 26. a4 Bb4 27. Ke2 Kf8 28. Rb7 Ke8 29. Kd3 Bd6 30. Ke2 Bxh2 31. g3 h4 32. Kf3 hxg3 33. fxg3 Rc8 34. Kg2 Rc2+ 35. Bf2 e5 36. Rxa7 f5 37. exf5 gxf5 38. Ra6 f4 39. gxf4 Bxf4 40. Kf3 Rc4 41. Bxb6 Bh2 42. Ra8+ Ke7 43. a5 e4+ 44. Kg4 e3+ 45. Kf3 Rf4+ 46. Kxe3 Rf5 47. Bd8+ Kd7 48. b6 Rf8 49. Ra7+ Kxd8 50. Ra8+ Ke7 51. Rxf8 Kxf8 52. Ke4 Bg1 53. Kd5 1-0

[Event "Olympiad-24"]
[Site "Valetta"]
[Date "1980.12.03"]
[Round "12"]
[White "Haik, Aldo"]
[Black "Campos Lopez, Mario"]
[Result "1-0"]
[WhiteElo "2440"]
[BlackElo "2375"]
[PlyCount "51"]
[EventDate "1980.11.20"]
[EventType "team-swiss"]
[EventRounds "14"]
[EventCountry "MLT"]
[SourceTitle "EXT 2000"]
[Source "ChessBase"]
[SourceDate "1999.11.16"]
[SourceVersion "1"]
[SourceVersionDate "1999.11.16"]
[SourceQuality "1"]
[WhiteTeam "France"]
[BlackTeam "Mexico"]
[WhiteTeamCountry "FRA"]
[BlackTeamCountry "MEX"]

1. d4 Nf6 2. c4 e6 3. Nc3 Bb4 4. Qc2 c5 5. dxc5 Na6 6. a3 Bxc3+ 7. Qxc3 Nxc5 8. b4 Nce4 9. Qd4 d5 10. c5 b6 11. f3 bxc5 12. bxc5 Qa5+ 13. Qb4 Qxb4+ 14. axb4 Nc3 15. Bb2 Nb5 16. e4 Bd7 17. Bxf6 gxf6 18. exd5 exd5 19. Bxb5 Bxb5 20. Ne2 Bxe2 21. Kxe2 Ke7 22. b5 Rhc8 23. Rhc1 Ke6 24. Kd3 Rab8 25. Ra5 Rc7 26. Kd4 1-0

[Event "Olympiad-24"]
[Site "Valetta"]
[Date "1980.12.02"]
[Round "11"]
[White "Campos Lopez, Mario"]
[Black "Catalan, Toufeeq"]
[Result "1/2-1/2"]
[WhiteElo "2375"]
[BlackElo "2230"]
[PlyCount "42"]
[EventDate "1980.11.20"]
[EventType "team-swiss"]
[EventRounds "14"]
[EventCountry "MLT"]
[SourceTitle "EXT 2000"]
[Source "ChessBase"]
[SourceDate "1999.11.16"]
[SourceVersion "1"]
[SourceVersionDate "1999.11.16"]
[SourceQuality "1"]
[WhiteTeam "Mexico"]
[BlackTeam "Syria"]
[WhiteTeamCountry "MEX"]
[BlackTeamCountry "SYR"]

1. e4 g6 2. d4 Bg7 3. Nc3 c6 4. Nf3 b5 5. Bd3 d6 6. h3 Nh6 7. Bf4 f6 8. Qd2 Nf7 9. 0-0-0 e5 10. Be3 f5 11. dxe5 dxe5 12. exf5 gxf5 13. Qe2 Qe7 14. Bxb5 cxb5 15. Qxb5+ Bd7 16. Qb7 0-0 17. Qxa8 f4 18. Bxa7 Bc6 19. Qxb8 Rxb8 20. Bxb8 Qb7 21. Bd6 Bxf3 1/2-1/2

[Event "Olympiad-24"]
[Site "Valetta"]
[Date "1980.11.25"]
[Round "5"]
[White "Campos Lopez, Mario"]
[Black "Sursock, Sameer"]
[Result "1/2-1/2"]
[WhiteElo "2375"]
[BlackElo "2220"]
[PlyCount "70"]
[EventDate "1980.11.20"]
[EventType "team-swiss"]
[EventRounds "14"]
[EventCountry "MLT"]
[SourceTitle "EXT 2000"]
[Source "ChessBase"]
[SourceDate "1999.11.16"]
[SourceVersion "1"]
[SourceVersionDate "1999.11.16"]
[SourceQuality "1"]
[WhiteTeam "Mexico"]
[BlackTeam "Lebanon"]
[WhiteTeamCountry "MEX"]
[BlackTeamCountry "LBN"]

1. c4 Nf6 2. d4 g6 3. Bg5 Bg7 4. Nf3 c5 5. e3 Ne4 6. Bh4 Qa5+ 7. Nbd2 Nc6 8. d5 Ne5 9. Nxe5 Bxe5 10. Rb1 Nxd2 11. Qxd2 Qxa2 12. Bd3 b5 13. f4 Bg7 14. d6 bxc4 15. Be4 Rb8 16. dxe7 Rxb2 17. Rxb2 Qxb2 18. Qxb2 Bxb2 19. Bd5 f6 20. Bxc4 a5 21. Kd2 a4 22. e4 g5 23. fxg5 Kxe7 24. e5 fxg5 25. Bxg5+ Ke8 26. Bf6 Rf8 27. Re1 a3 28. Kc2 Bb7 29. g4 Bc6 30. g5 d5 31. exd6+ Kd7 32. Bxb2 axb2 33. Kxb2 Rf2+ 34. Re2 Rxe2+ 35. Bxe2 Be4 1/2-1/2

[Event "Olympiad-23"]
[Site "Buenos Aires"]
[Date "1978.11.04"]
[Round "10"]
[White "Helmers, Knut Jaran"]
[Black "Campos Lopez, Mario"]
[Result "1/2-1/2"]
[WhiteElo "2345"]
[BlackElo "2355"]
[PlyCount "103"]
[EventDate "1978.10.25"]
[EventType "team-swiss"]
[EventRounds "14"]
[EventCountry "ARG"]
[SourceTitle "EXT 2000"]
[Source "ChessBase"]
[SourceDate "1999.11.16"]
[SourceVersion "1"]
[SourceVersionDate "1999.11.16"]
[SourceQuality "1"]
[WhiteTeam "Norway"]
[BlackTeam "Mexico"]
[WhiteTeamCountry "NOR"]
[BlackTeamCountry "MEX"]

1. Nf3 Nf6 2. g3 b5 3. Bg2 Bb7 4. 0-0 e6 5. d3 d6 6. e4 Nbd7 7. Nh4 d5 8. Qe2 Bc5 9. Nc3 dxe4 10. Nxe4 Nxe4 11. dxe4 a6 12. a4 b4 13. Be3 Bxe3 14. Qxe3 0-0 15. Nf3 a5 16. Rfd1 Qe7 17. Nd4 Rfd8 18. Nb3 Nb6 19. Rxd8+ Qxd8 20. Qc5 Qd6 21. Qb5 Qc6 22. Nc5 Qxb5 23. axb5 Bc8 24. e5 Ra7 25. Na6 Kf8 26. Nxb4 Bd7 27. Bc6 a4 28. Rd1 Ke8 29. c4 Bxc6 30. Nxc6 Ra8 31. Rd4 Nd7 32. Rd3 Nc5 33. Rd1 f6 34. exf6 gxf6 35. Kg2 Kf7 36. f4 h5 37. Rd2 Kg6 38. Ne7+ Kf7 39. Nc6 Kg6 40. Re2 a3 41. bxa3 Rxa3 42. Nd4 Kf7 43. Rc2 h4 44. Ne2 hxg3 45. hxg3 Ke7 46. Nd4 Ne4 47. Re2 f5 48. Kh2 Rc3 49. Rc2 Rxc2+ 50. Nxc2 Nd2 51. c5 Nb3 52. b6 1/2-1/2

[Event "Mexico"]
[Site "Mexico City"]
[Date "1978.??.??"]
[Round "11"]
[White "Acevedo, Armando"]
[Black "Campos Lopez, Mario"]
[Result "1-0"]
[WhiteElo "2370"]
[BlackElo "2355"]
[PlyCount "87"]
[EventDate "1978.02.??"]
[EventType "tourn"]
[EventRounds "13"]
[EventCountry "MEX"]
[EventCategory "5"]
[SourceTitle "EXT 2003"]
[Source "ChessBase"]
[SourceDate "2002.11.25"]
[SourceVersion "1"]
[SourceVersionDate "2002.11.25"]
[SourceQuality "1"]

1. e4 e5 2. Nf3 Nc6 3. Bb5 Nge7 4. c3 a6 5. Ba4 d6 6. d4 Bd7 7. Bb3 h6 8. h4 Bg4 9. Qd3 exd4 10. cxd4 d5 11. Nc3 Be6 12. 0-0 Qd7 13. exd5 Nxd5 14. Bxd5 Bxd5 15. Re1+ Be7 16. Ne5 Nxe5 17. Rxe5 Be6 18. d5 Bf6 19. Qe3 Bxe5 20. Qxe5 0-0 21. dxe6 fxe6 22. Be3 b6 23. Rd1 Qc6 24. Bd4 Rf7 25. Rd3 Rd8 26. Rg3 Rdd7 27. Be3 Rf5 28. Qe4 Qxe4 29. Nxe4 Rd1+ 30. Kh2 Kf7 31. Nc3 Rd3 32. Rg4 c5 33. Na4 b5 34. Nc3 c4 35. Re4 h5 36. Ne2 Rd6 37. Bf4 Rb6 38. f3 g6 39. Nd4 Rd5 40. Bc7 Rb7 41. Nxe6 Kg8 42. Rf4 Rf5 43. Rd4 Rf6 44. Rd8+ 1-0

[Event "Mexico"]
[Site "Mexico City"]
[Date "1978.??.??"]
[Round "3"]
[White "Campos Lopez, Mario"]
[Black "Armas Gutierrez, Jorge Enrique"]
[Result "1-0"]
[WhiteElo "2355"]
[BlackElo "2385"]
[PlyCount "73"]
[EventDate "1978.02.??"]
[EventType "tourn"]
[EventRounds "13"]
[EventCountry "MEX"]
[EventCategory "5"]
[SourceTitle "EXT 2003"]
[Source "ChessBase"]
[SourceDate "2002.11.25"]
[SourceVersion "1"]
[SourceVersionDate "2002.11.25"]
[SourceQuality "1"]

1. e4 c5 2. Nf3 e6 3. d4 cxd4 4. Nxd4 Nf6 5. Nc3 d6 6. Be3 a6 7. f4 Qc7 8. Qf3 b5 9. a3 Bb7 10. Bd3 Nbd7 11. 0-0 Nc5 12. Rac1 Be7 13. b4 Ncd7 14. Nb1 Nb6 15. Nd2 Nc4 16. Bxc4 bxc4 17. c3 0-0 18. a4 Rfc8 19. Bf2 Qd7 20. Qe2 Bd8 21. a5 Qc7 22. N4f3 Bc6 23. Bd4 Qb7 24. Rce1 Nh5 25. Qe3 Qb5 26. e5 dxe5 27. fxe5 g6 28. Bc5 Bd5 29. Nd4 Qe8 30. N2f3 Ng7 31. Qh6 Rab8 32. Re3 Rb7 33. Nd2 Nf5 34. Rxf5 exf5 35. Nxf5 f6 36. exf6 Qf7 37. Nd6 1-0

[Event "Mexico"]
[Site "Mexico City"]
[Date "1978.??.??"]
[Round "12"]
[White "Campos Lopez, Mario"]
[Black "Sisniega, Marcel"]
[Result "1-0"]
[WhiteElo "2355"]
[BlackElo "2455"]
[PlyCount "91"]
[EventDate "1978.02.??"]
[EventType "tourn"]
[EventRounds "13"]
[EventCountry "MEX"]
[EventCategory "5"]
[SourceTitle "EXT 2003"]
[Source "ChessBase"]
[SourceDate "2002.11.25"]
[SourceVersion "1"]
[SourceVersionDate "2002.11.25"]
[SourceQuality "1"]

1. e4 c5 2. Nf3 Nc6 3. d4 cxd4 4. Nxd4 Nf6 5. Nc3 e5 6. Ndb5 d6 7. Nd5 Nxd5 8. exd5 Ne7 9. c4 Nf5 10. Bd3 Be7 11. 0-0 0-0 12. Qc2 g6 13. f4 a6 14. Nc3 Nd4 15. Qf2 Bg4 16. Be3 Bf5 17. Bxf5 Nxf5 18. Bb6 Qc8 19. b3 Bh4 20. g3 Bd8 21. Ne4 exf4 22. Bxd8 fxg3 23. hxg3 Qxd8 24. g4 Qh4 25. Qxh4 Nxh4 26. Nxd6 f5 27. gxf5 gxf5 28. Rf4 Rf6 29. Rxh4 Rxd6 30. Re1 b5 31. Re7 h6 32. Rb7 Re8 33. Kf2 bxc4 34. bxc4 Re5 35. Rd4 Kf8 36. Rd3 Re7 37. Rb8+ Re8 38. Rxe8+ Kxe8 39. Rf3 Rf6 40. Ke3 Kd7 41. Kd4 Rf8 42. Ke5 Rc8 43. Rf4 Re8+ 44. Kd4 Rf8 45. c5 h5 46. Ke5 1-0